LIBRARY & INFORMATION CENTRE, KCAET, TAVANUR

ONLINE PUBLIC ACCESS CATALOGUE (OPAC)

A textbook of production technology of vegetables and flowers (Record no. 15572)

MARC details
000 -LEADER
fixed length control field 00371nam a22001457a 4500
003 - CONTROL NUMBER IDENTIFIER
control field OSt
008 - FIXED-LENGTH DATA ELEMENTS--GENERAL INFORMATION
fixed length control field 190516b ||||| |||| 00| 0 eng d
020 ## - INTERNATIONAL STANDARD BOOK NUMBER
ISBN 9788177546132
082 ## - DEWEY DECIMAL CLASSIFICATION NUMBER
Classification number 635
Item number PRA/TE
100 ## - MAIN ENTRY--AUTHOR NAME
Personal name Prasad
245 ## - TITLE STATEMENT
Title A textbook of production technology of vegetables and flowers
260 ## - PUBLICATION, DISTRIBUTION, ETC. (IMPRINT)
Place of publication Jodhpur
Name of publisher Agrobios
Year of publication 2016
300 ## - PHYSICAL DESCRIPTION
Number of Pages 390 p.
942 ## - ADDED ENTRY ELEMENTS (KOHA)
Koha item type Books
Holdings
Withdrawn status Lost status Damaged status Collection code Home library Current library Shelving location Date acquired Cost, normal purchase price Full call number Accession Number Koha item type
      Non-fiction KAUAET KAUAET General Stacks 16/05/2019 550.00 635 PRA/TE 25799 Books
free website counter